LEADER 01240nam0-2200397---450- 001 990003941590403321 005 20131211114358.0 010 $a88-24-50576-7 035 $a000394159 035 $aFED01000394159 035 $a(Aleph)000394159FED01 035 $a000394159 100 $a20131211d2001----km-y0itay50------ba 101 1 $aita$ceng 102 $aIT 105 $a--------001cy 200 1 $aDisastri$edinamiche organizzative e responsabilità umane$fBarry A. Turner, Nick F. Pidgeon$gpresentazione di Pasquale Gagliardi$gtraduzione di Matteo Merzagora 210 $aTorino$cEdizioni di Comunità$d©2001 215 $axxx, 312 p.$cfig.$d21 cm 225 1 $aTerritori di Comunità$v23 454 0$12001$aMan-made disasters$930014 610 0 $aCatastrofi$aAspetti sociali 610 0 $aDisastri$aAspetti sociali 610 0 $aCalamità 676 $a363.34$v21$zita 700 1$aTurner,$bBarry A.$0122575 701 1$aPidgeon,$bNick F.$0148347 801 0$aIT$bUNINA$gRICA$2UNIMARC 901 $aBK 912 $a990003941590403321 952 $a363.34 TUR 1$b1551$fBFS 952 $aB2 SOP II 26b$b03817$fDINST 959 $aBFS 959 $aDINST 996 $aMan-made disasters$930014 997 $aUNINA LEADER 01619nas 2200553- 450 001 996205586103316 005 20230218213019.0 011 $a1736-7476 035 $a(DE-599)ZDB2172432-5 035 $a(OCoLC)85448115 035 $a(CKB)110978984448291 035 $a(CONSER)--2022225652 035 $a(EXLCZ)99110978984448291 100 $a20070228a19979999 s-- a 101 0 $aest 135 $aur|n||||||||| 181 $ctxt$2rdacontent 182 $cc$2rdamedia 183 $acr$2rdacarrier 200 00$aActa historica Tallinnensia 210 1$aTallinn, Estonia :$cTeaduste Akadeemia Kirjastus 215 $a1 online resource 300 $aRefereed/Peer-reviewed 300 $aHas occasional special issues 311 $a1406-2925 606 $aHistoire$2eclas 606 $aAnnuaires$2eclas 607 $aEstonia$xHistory$vPeriodicals 607 $aBaltic States$xHistory$vPeriodicals 607 $aEstonie$xHistoire$vPériodiques 607 $aEstonie$2eclas 607 $aBaltic States$2fast 607 $aEstonia$2fast 608 $aperiodicals.$2aat 608 $aHistory.$2fast 608 $aPeriodicals.$2fast 608 $aPeriodicals.$2lcgft 608 $aPériodiques.$2rvmgf 615 7$aHistoire. 615 7$aAnnuaires. 676 $a[E] 712 02$aAjaloo Instituut (Eesti Teaduste Akadeemia), 712 02$aEesti Teaduste Akadeemia (1989- ), 712 02$aTallinna Ülikool, 712 02$aTeaduste Akadeemia Kirjastus, 906 $aJOURNAL 912 $a996205586103316 996 $aActa historica Tallinnensia$91987020 997 $aUNISA